Detalles MARC
| 000 -CABECERA |
| campo de control de longitud fija |
02850nam a2200253 4500 |
| 003 - IDENTIFICADOR DEL NÚMERO DE CONTROL |
| campo de control |
vecauma |
| 005 - FECHA Y HORA DE LA ÚLTIMA TRANSACCIÓN |
| campo de control |
20260311140900.0 |
| 007 - CAMPO FIJO DE DESCRIPCIÓN FÍSICA--INFORMACIÓN GENERAL |
| campo de control de longitud fija |
ta |
| 008 - DATOS DE LONGITUD FIJA--INFORMACIÓN GENERAL |
| campo de control de longitud fija |
260311b ve ||||| |||| 00| 0 spa d |
| 020 ## - ISBN |
| Número Internacional Estándar del Libro |
9586981118 |
| 040 ## - FUENTE DE LA CATALOGACIÓN |
| Centro catalogador/agencia de origen |
vecauma |
| Lengua de catalogación |
spa |
| Centro/agencia transcriptor |
vecauma |
| Centro/agencia modificador |
vecauma |
| Normas de descripción |
rda |
| 041 ## - CÓDIGO DE LENGUA |
| Código de lengua del recurso |
spa |
| 100 1# - AUTOR PERSONAL |
| Término indicativo de función/relación |
autor |
| 245 1# - MENCIÓN DE TÍTULO |
| Título |
Comunicación para construir lo público |
| Mención de responsabilidad, etc. |
/Miguel Ángel Ibarra |
| 264 ## - PRODUCCIÓN, PUBLICACIÓN, DISTRIBUCIÓN, FABRICACIÓN Y COPYRIGHT |
| Producción, publicación, distribución, fabricación y copyright |
Bogotá: |
| Nombre del de productor, editor, distribuidor, fabricante |
CAB, Convenio Andrés Bello; |
| Fecha de producción, publicación, distribución, fabricación o copyright |
2002. |
| 300 ## - DESCRIPCIÓN FÍSICA |
| Extensión |
184 páginas. |
| 336 ## - TIPO DE CONTENIDO |
| Término de tipo de contenido |
texto |
| Código de tipo de contenido |
txt |
| Fuente |
rdacontenido |
| 337 ## - TIPO DE MEDIO |
| Nombre/término del tipo de medio |
no mediado |
| Código del tipo de medio |
n |
| Fuente |
rdamedio |
| 338 ## - TIPO DE SOPORTE |
| Nombre/término del tipo de soporte |
volumen |
| Código del tipo de soporte |
nc |
| Fuente |
rdasoporte |
| 505 0# - NOTA DE CONTENIDO CON FORMATO |
| Nota de contenido con formato |
Introducción<br/>Jorgen Horlbecke Miguel Ángel Ibarra /<br/>La ciudad y lo público<br/>Antanas Mockus /<br/>Contexto de lo público: transformaciones comunicacionales y socioculturales<br/>Aníbal Ford /<br/>Periodismo público: un reto a la construcción de opinión pública<br/>Ana María Miralles Castellanos /<br/>¿De la plaza pública a los medios? Apuntes sobre medios de comunicación, esfera pública y democracia<br/>Jorge Iván Bonilla /<br/>Esfera pública y medios de comunicación: por el reencantamiento de la comunicación<br/>María Emma Wills /<br/>¿Existen los dragones?: ficcionalización de la ciudadanía o realización del derecho a la expresión<br/>Eduardo Gutiérrez /<br/>Los comunicadores frente a lo público<br/>María Tereza Quiroz /<br/>Los comunicadores frente a lo público<br/>María Tereza Quiroz /<br/>Acercamientos a la relación ética-ficción<br/>Nora Mazziotti /<br/>Ética y relato en la construcción de lo público<br/>Gabriel Jaime Pérez S.J.. /<br/>Identidades y comunidades virtuales: redes de interacción comunicativa<br/>Patricia Bernal /<br/>De lo garloviruña a lo techno carrilera, pasando por otras light suras<br/>Omar Rincón /<br/>Reinas de belleza y construcción de la identidad: espectáculo-medios de comunicación <br/>Mayra Rivera /<br/>Los residenciales públicos en Puerto Rico y el derecho a la comunicación: voces que se pierden en el laberinto de la democracia<br/>Guadalupe Escalante Rengifo /<br/>Sectores populares, ciudadanía, democracia y medios de comunicación en Puerto Rico: una reflexión necesaria<br/>Yomaire García De Jesús / |
| 520 3# - SUMARIO, ETC. |
| Sumario, etc. |
La construcción de lo público es la base necesaria para la convivencia y la resolución del conflicto social, y ello es posible, en la medida en que la comunicación ejerza su función de mediación y cree condiciones para que los diferentes significados y símbolos que produce un grupo humano puedan circular, convivir y mezclarse en igualdad de condiciones.<br/><br/>El espacio público es la esfera simbólica donde se responden y se debaten los discursos en su mayor parte contradictorios, formulados por los diferentes actores políticos, sociales, religiosos, culturales, intelectuales que componen una sociedad. |
| 942 #1 - ELEMENTOS DE ENTRADA AGREGADA (KOHA) |
| Fuente del sistema de clasificación o colocación |
Library of Congress Classification |
| Ocultar en OPAC |
No |
| Tipo de ítem Koha |
Libros |